Mixed Word: Dog Breeds IV Quiz Stats

Quiz Updated Oct 18, 2016

Challenge
Share
Tweet
Embed
Score 0/14 Timer 04:00
0 Plays Today
Scramble Dog % Correct
LUBL REIRERTBull Terrier
97.2%
GLEABEBeagle
96.1%
BALDORAR TEREIREVRLabrador Retriever
94.9%
TEARG NEADGreat Dane
93.9%
TESASB UHODNBasset Hound
92.3%
GRENAM PHERESHDGerman Shepherd
90.2%
FASTIMFMastiff
89.5%
Scramble Dog % Correct
CHNEFR LLUBGDOFrench Bulldog
89.2%
REYGDOHUNGreyhound
89.2%
TAINS REBRANDSaint Bernard
86.3%
UAHUAHICHChihuahua
83.6%
WENUONDFNALDNewfoundland
63.1%
CHOINB SEFRIBichon Frise
52.2%
RAMANREIWEWeimaraner
34.1%

You're not logged in!

Compare scores with friends on all Sporcle quizzes.
Sign Up with Email
OR
Log In

You Might Also Like...

Show Comments

Extras

Top Quizzes Today


Score Distribution

Your Account Isn't Verified!

In order to create a playlist on Sporcle, you need to verify the email address you used during registration. Go to your Sporcle Settings to finish the process.